00545nam a2200181 a 45000010010000000030011000100080041000210350026000620820018000881000023001062450025001292600039001546500033001939420012002269520090002389980020003289990015003480000-9098ELIB.Books110520 1969  a(ELIB.Books)0000-9247 a268.434 bCol aColeman, Lucien E. aUnderstanding Adults bNashville: Convention Press c1969 aChristian Education (Adults) 2ddccBK 00102ddc4070aKBTSbKBTSd2011-05-20l0p9948r2022-01-22 00:00:00w2022-01-22yBK cbate2011-05-20 c9098d9098